000 00995cam a2200325 i 4500
001 6485
003 FISKH
005 20250820105833.0
008 770228s1977 nyua j 000 1 eng
010 _a 77003170
020 _a0690013914.
_a0690013922
020 _a9780590130660
040 _aDLC
_cDLC
_dDLC
_beng
050 _aPZ7.C21476 G
082 _a813
100 1 _aCarle, Eric.
245 1 4 _aThe grouchy ladybug /
_cEric Carle.
250 _aFIrst Scholastic printing, September 1997
260 _aNew York ;
_bScholastic,
_c1977
300 _a41 unnumbered pages :
_bcolor illustrations ;
_c26 cm
505 _aN
520 _aA grouchy ladybug, looking for a fight, challenges everyone she meets regardless of their size or strength.
521 8 _a560
_bLexile
521 8 _aN
_bRaz-Plus
650 1 _aLadybugs
_xFiction.
650 1 _aBehavior
_xFiction.
906 _a7
_bcbc
_corignew
_d1
_eocip
_f19
_gy-gencatlg
942 _2ddc
_cBK
_n0
999 _c6485
_d6485